Muck's muddy day / (Record no. 260479)
[ view plain ]
| 000 -LEADER | |
|---|---|
| fixed length control field | 01444nam a2200361Ia 4500 |
| 001 - CONTROL NUMBER | |
| control field | ocm52612816 |
| 003 - CONTROL NUMBER IDENTIFIER | |
| control field | OCoLC |
| 005 - DATE AND TIME OF LATEST TRANSACTION | |
| control field | 20200320180506.0 |
| 008 - FIXED-LENGTH DATA ELEMENTS--GENERAL INFORMATION | |
| fixed length control field | 030715s2003 nyua j 000 1 eng d |
| 020 ## - INTERNATIONAL STANDARD BOOK NUMBER | |
| International Standard Book Number | 0689857217 (pbk.) : |
| Terms of availability | $3.50 |
| 020 ## - INTERNATIONAL STANDARD BOOK NUMBER | |
| Terms of availability | 12.96 |
| 040 ## - CATALOGING SOURCE | |
| Original cataloging agency | IMF |
| Transcribing agency | IMF |
| Modifying agency | OCLCQ |
| -- | IXA |
| -- | WACOL |
| 049 ## - LOCAL HOLDINGS (OCLC) | |
| Holding library | WACL |
| 090 ## - LOCALLY ASSIGNED LC-TYPE CALL NUMBER (OCLC); LOCAL CALL NUMBER (OCLC) | |
| Classification number (OCLC) (R) ; Classification number, CALL (RLIN) (NR) | PZ7.S58585 |
| Local cutter number (OCLC) ; Book number/undivided call number, CALL (RLIN) | Muc 2003 |
| 092 ## - LOCALLY ASSIGNED DEWEY CALL NUMBER (OCLC) | |
| Classification number | E |
| Item number | Sil |
| 100 1# - MAIN ENTRY--PERSONAL NAME | |
| Personal name | Silverhardt, Lauryn. |
| 9 (RLIN) | 5827547 |
| 245 10 - TITLE STATEMENT | |
| Title | Muck's muddy day / |
| Statement of responsibility, etc | adapted by Lauryn Silverhardt ; based on a book by Diane Redmons. |
| 246 1# - VARYING FORM OF TITLE | |
| Display text | At head of title: |
| Title proper/short title | Bob the builder |
| 260 ## - PUBLICATION, DISTRIBUTION, ETC. (IMPRINT) | |
| Place of publication, distribution, etc | New York : |
| Name of publisher, distributor, etc | Simon Spotlight, |
| Date of publication, distribution, etc | c2003. |
| 300 ## - PHYSICAL DESCRIPTION | |
| Extent | [24] p. : |
| Other physical details | col. ill. ; |
| Dimensions | 20 cm. |
| 440 #0 - SERIES STATEMENT/ADDED ENTRY--TITLE | |
| Title | Bob the builder |
| 9 (RLIN) | 51551 |
| 500 ## - GENERAL NOTE | |
| General note | TV tie-in. |
| 520 ## - SUMMARY, ETC. | |
| Summary, etc | "Travis gets stuck in the mud, and it's up to Muck to pull him out. When Muck finally gets Travis out, mud splatters everywhere! ..." |
| 500 ## - GENERAL NOTE | |
| General note | "Based on the television series Bob the Builder created by HIT Entertainment PCL and Keith Chapman as seen on Nick, Jr. Photos by Hot Animation." |
| 650 #1 - SUBJECT ADDED ENTRY--TOPICAL TERM | |
| Topical term or geographic name as entry element | Bob the Builder (Fictitious character) |
| Form subdivision | Fiction. |
| 9 (RLIN) | 5719408 |
| 650 #1 - SUBJECT ADDED ENTRY--TOPICAL TERM | |
| Topical term or geographic name as entry element | Trucks |
| Form subdivision | Fiction. |
| 9 (RLIN) | 5675041 |
| 650 #1 - SUBJECT ADDED ENTRY--TOPICAL TERM | |
| Topical term or geographic name as entry element | Mud |
| Form subdivision | Fiction. |
| 9 (RLIN) | 5762504 |
| 700 1# - ADDED ENTRY--PERSONAL NAME | |
| Personal name | Redmond, Diane. |
| 9 (RLIN) | 60800 |
| 942 ## - ADDED ENTRY ELEMENTS (KOHA) | |
| Koha item type | BOOK |
| 948 ## - LOCAL PROCESSING INFORMATION (OCLC); SERIES PART DESIGNATOR (RLIN) | |
| Series part designator, SPT (RLIN) | 12/17/2004 |
| z (OCLC) | Sirsi |
| 994 ## - | |
| -- | 02 |
| -- | WACOL |
| 996 ## - | |
| -- | 40049 |
| -- | 34301000445686 |
| -- | e |
| -- | bk |
| -- | wcl |
| -- | i |
| -- | 73 |
| -- | 12.96 |
| -- | Penworthy |
| -- | Sil |
| -- | 12/17/2004 |
| -- | 12/09/2019 |
| -- | 11/18/2019 |
| Withdrawn status | Lost status | Source of classification or shelving scheme | Damaged status | Not for loan | Collection code | Home library | Current library | Shelving location | Date acquired | Source of acquisition | Total Checkouts | Total Renewals | Full call number | Barcode | Date last seen | Date checked out | Cost, replacement price | Price effective from | Koha item type |
|---|---|---|---|---|---|---|---|---|---|---|---|---|---|---|---|---|---|---|---|
| Dewey Decimal Classification | Children Picture Books | Wasatch County Library | Wasatch County Library | Main Floor Childrens Area | 12/17/2004 | Penworthy | 91 | 10 | E Bob the Builder | 34301000445686 | 01/17/2026 | 01/10/2026 | 12.96 | 03/20/2020 | BOOK |
